|
|
|
|
| LEADER |
00000cam a22000004a 4500 |
| 001 |
musev2_78464 |
| 003 |
MdBmJHUP |
| 005 |
20230905052108.0 |
| 006 |
m o d |
| 007 |
cr||||||||nn|n |
| 008 |
181023e20190326xxk o 00 0 eng d |
| 020 |
|
|
|a 9781526136404
|
| 020 |
|
|
|z 9781526136398
|
| 020 |
|
|
|z 1526136406
|
| 035 |
|
|
|a (OCoLC)1264421843
|
| 040 |
|
|
|a MdBmJHUP
|c MdBmJHUP
|
| 100 |
1 |
|
|a Delay, Cara
|e Author.
|
| 245 |
1 |
0 |
|a Irish women and the creation of modern Catholicism, 1850-1950 /
|n Vol
|n Vol
|
| 264 |
|
1 |
|a Plymouth :
|b NBN International [Distributor]
|c March 2019
|
| 264 |
|
3 |
|a Baltimore, Md. :
|b Project MUSE,
|c 2021
|
| 264 |
|
4 |
|c ©March 2019
|
| 300 |
|
|
|a 1 online resource (264 pages).
|
| 336 |
|
|
|a text
|b txt
|2 rdacontent
|
| 337 |
|
|
|a computer
|b c
|2 rdamedia
|
| 338 |
|
|
|a online resource
|b cr
|2 rdacarrier
|
| 521 |
|
|
|a Trade
|b Manchester University Press.
|
| 588 |
|
|
|a Description based on print version record.
|
| 650 |
|
0 |
|a Ireland
|x Social Conditions.
|
| 650 |
|
0 |
|a Ireland
|x History.
|
| 650 |
|
0 |
|a Ireland
|x Religion.
|
| 650 |
|
0 |
|a Women
|x Religious life.
|
| 650 |
|
0 |
|a Catholic women.
|
| 650 |
|
0 |
|a Catholic Church
|x Ireland.
|
| 655 |
|
7 |
|a Electronic books.
|2 local
|
| 710 |
2 |
|
|a Project Muse.
|e distributor
|
| 830 |
|
0 |
|a Book collections on Project MUSE.
|
| 856 |
4 |
0 |
|z Texto completo
|u https://projectmuse.uam.elogim.com/book/78464/
|
| 945 |
|
|
|a Project MUSE - Custom Collection
|